Translate the Telugu Country! - Statistics

General Stats
  • This quiz has been taken 51 times
  • The average score is 5 of 15
Answer Stats
Transliteration English % Correct
Banglādēśam Bangladesh
100%
Bhāratadēśam India
98%
Ḍominika Gaṇatantram Dominican Republic
63%
Malayadvīpam Malaysia
61%
Kambōjadēśam Cambodia
54%
Samyukta Rāṣṭrālu United States
46%
Samyukta Rājyam United Kingdom
39%
Brahmadēśam Myanmar
24%
Parāsudēśam France
11%
Śarmaṇyadēśam Germany
9%
Yavanadēśam Greece
7%
Buḍatakīcudēśam Portugal
4%
Śyāmadēśam Thailand
4%
Dvīpantara Indonesia
2%
Pāraśīkam Iran
2%
No matching quizzes found
Score Distribution
Percent of People with Each Score
Percentile by Number Answered
Your Score History
You have not taken this quiz